000 00579nam a2200217Ia 4500
003 OSt
005 20221007075345.0
006 a|||||r|||| 00| 0
007 ta
008 221006b |||||||| |||| 00| 0 eng d
024 _a658
037 _cTextual
040 _aFLL
_cFLL
_beng
041 _2eng
_aeng
082 _aW:5z7, K9
100 _aHusain Zakir
245 0 _aHorizons of Freedom
260 _aNew Delhi
_bInstitute of constitutional & Parliamentary studies India
_c1969
942 _hW:5z7, K9
_cTEXL
_2CC
999 _c1155777
_d1155777